00553nam a22002057a 450000500170000001000130001702000100003003500130004003700160005304000120006908200110008110000240009224500670011626000340018327000490021730000200026665000240028665000200031070000170033020170124110252.0 aA-486035 c00.00 aA-486035 bCen Lib/Ret aDPLbEN aSbSRI aSrivastava, Sigrun  aThe warning /cby Sigrun Srivastava; illustrated by Tapas Guha aNew DelhibPuffin Booksc1991 aB4/246 Safdarjung EnclavebNew Delhie110029 a96p. c20cm(Hb) aLiterature--Stories aEnglish Stories aGuha, Tapas